000 00828cam a2200253 i 4500
001 17690846
003 OSt
005 20170105102906.0
008 130409s2012 enk b 001 0 eng
010 _a 2012533071
020 _a9781780760261
040 _aDLC
_beng
_cDLC
_erda
_dDLC
042 _apcc
082 _a323.609561
_bINC 2012
100 1 _aInce, Baðsak.
245 1 0 _aCitizenship and identity in Turkey :
_bfrom Atatèurk's republic to the present day /
_cBaðsak çInce.
260 _aLondon :
_bI.B. Tauris,
_c2012
300 _ax , 292 pages ;
_c23 cm.
490 0 _aLibrary of modern Turkey ;
_v5
504 _aIncludes bibliographical references (p. [257]-285) and index.
906 _a0
_bibc
_corignew
_d2
_encip
_f20
_gy-gencatlg
942 _2ddc
_cBK
999 _c14899
_d14899